| 000 | 00455nam a2200193Ia 4500 | ||
|---|---|---|---|
| 005 | 20240823022421.0 | ||
| 008 | 240823s9999||||xx |||||||||||||| ||und|| | ||
| 041 | _aENGLISH | ||
| 082 | _A519.5 L8 | ||
| 100 | _aGupta S C | ||
| 245 | 0 | _aElements of Mathematical Statistics | |
| 250 | _a3rd | ||
| 260 |
_c1978 _b"S Chand,New Delhi" |
||
| 500 | _aYES | ||
| 650 |
_aStatistics _bMathematics |
||
| 700 | _a Kapoor V K | ||
| 942 | _cBK | ||
| 999 |
_c179115 _d179115 |
||